[Event "Prague Summer op-B 3rd"]
[Site "Prague"]
[Date "2016.08.09"]
[Round "6"]
[White "Porstmann, Jan"]
[Black "Radionov, Deni"]
[Result "1-0"]
[WhiteElo "1785"]
[BlackElo "1530"]
[PlyCount "67"]
[EventDate "2016.08.05"]
[EventType "swiss"]
[EventRounds "9"]
[EventCountry "CZE"]
[SourceTitle "CBM 173 Extra"]
[Source "ChessBase"]
[SourceDate "2016.08.29"]
[SourceVersion "1"]
[SourceVersionDate "2016.08.29"]
[SourceQuality "1"]

1. e4 e5 2. Nf3 Nc6 3. Bc4 Bc5 4. c3 Nf6 5. d3 0-0 6. Bb3 h6 7. 0-0 d6 8. h3 Na5 9. Bc2 Nc6 10. b4 Bb6 11. a4 a5 12. b5 Ne7 13. d4 Ng6 14. Nbd2 Be6 15. Re1 Nh7 16. Nf1 exd4 17. cxd4 f5 18. Bb3 Bxb3 19. Qxb3+ Kh8 20. e5 dxe5 21. Nxe5 Nxe5 22. dxe5 Qd4 23. Be3 Qh4 24. Bxb6 cxb6 25. Nd2 Ng5 26. Nf3 Nxf3+ 27. Qxf3 Qe7 28. Rad1 Qb4 29. e6 Rae8 30. Qxb7 Qxa4 31. Qxb6 Rb8 32. e7 Rfe8 33. Qxb8 Rxb8 34. Rd8+ 1-0

[Event "GER-chT U20"]
[Site "Naumburg Saale"]
[Date "2014.12.27"]
[Round "1.6"]
[White "Porstmann, Jan"]
[Black "Dorscheid, Nico"]
[Result "1-0"]
[WhiteElo "1712"]
[BlackElo "1272"]
[PlyCount "57"]
[EventDate "2014.12.27"]
[EventType "team-swiss"]
[EventRounds "7"]
[EventCountry "GER"]
[SourceTitle "EXT 2016"]
[Source "ChessBase"]
[SourceDate "2015.10.08"]
[SourceVersion "1"]
[SourceVersionDate "2015.10.08"]
[SourceQuality "1"]
[WhiteTeam "Solingen"]
[BlackTeam "Saarbruecken"]
[WhiteTeamCountry "GER"]
[BlackTeamCountry "GER"]

1. e4 c5 2. Nf3 Nc6 3. d4 cxd4 4. Nxd4 g6 5. Nc3 Bg7 6. Be3 a6 7. Qd2 e6 8. 0-0-0 Nge7 9. Be2 0-0 10. h4 b5 11. Nxc6 Nxc6 12. Bh6 Qf6 13. Bxg7 Qxg7 14. h5 Ne5 15. Rh2 Bb7 16. f4 b4 17. fxe5 bxc3 18. Qxc3 Bxe4 19. h6 Qh8 20. Rxd7 Rac8 21. Rc7 Ra8 22. Rh4 Bxg2 23. Rhc4 Rad8 24. Rc8 Bb7 25. R8c7 Rb8 26. Rb4 Bc6 27. Rxb8 Rxb8 28. Rxc6 Re8 29. Rc8 1-0

[Event "Solingen-ch"]
[Site "Solingen"]
[Date "2014.12.05"]
[Round "7"]
[White "Bauer, Matthias"]
[Black "Porstmann, Jan"]
[Result "1-0"]
[WhiteElo "1692"]
[BlackElo "1875"]
[PlyCount "115"]
[EventDate "2014.09.12"]
[EventType "swiss"]
[EventRounds "7"]
[EventCountry "GER"]
[SourceTitle "EXT 2016"]
[Source "ChessBase"]
[SourceDate "2015.10.08"]
[SourceVersion "1"]
[SourceVersionDate "2015.10.08"]
[SourceQuality "1"]

1. c4 e5 2. b3 Nc6 3. Bb2 Nf6 4. Nc3 g6 5. e3 Bg7 6. Nge2 d6 7. g3 Bf5 8. a3 0-0 9. Bg2 Re8 10. 0-0 Qd7 11. d4 exd4 12. Nxd4 Bh3 13. Nxc6 Bxg2 14. Kxg2 bxc6 15. Qd3 Re7 16. Ne2 Rae8 17. b4 Qg4 18. h3 Qd7 19. Bd4 a6 20. Nf4 Ne4 21. Bxg7 Kxg7 22. Qd4+ Kg8 23. Rad1 Ng5 24. Qf6 Re5 25. g4 Ne4 26. Qh4 g5 27. Qh6 gxf4 28. Qxf4 Qe7 29. Rd3 Qf6 30. f3 Qxf4 31. exf4 R5e6 32. fxe4 Rxe4 33. Rc3 Rd4 34. f5 Ree4 35. c5 d5 36. Rff3 Kg7 37. Rfe3 Kf6 38. Rxe4 Rxe4 39. Kf3 Ke5 40. Rb3 Kd4 41. h4 Kc4 42. Re3 Kd4 43. Rb3 Kc4 44. Re3 Rxe3+ 45. Kxe3 d4+ 46. Kd2 Kb3 47. g5 Kxa3 48. h5 Kxb4 49. g6 hxg6 50. hxg6 fxg6 51. fxg6 a5 52. g7 a4 53. g8Q a3 54. Qa2 Kxc5 55. Qxa3+ Kc4 56. Qa4+ Kc5 57. Kd3 Kd5 58. Qxd4+ 1-0

[Event "Solingen-ch"]
[Site "Solingen"]
[Date "2014.11.07"]
[Round "5"]
[White "Grosse Hering, Peter"]
[Black "Porstmann, Jan"]
[Result "1-0"]
[WhiteElo "1936"]
[BlackElo "1875"]
[PlyCount "57"]
[EventDate "2014.09.12"]
[EventType "swiss"]
[EventRounds "7"]
[EventCountry "GER"]
[SourceTitle "EXT 2016"]
[Source "ChessBase"]
[SourceDate "2015.10.08"]
[SourceVersion "1"]
[SourceVersionDate "2015.10.08"]
[SourceQuality "1"]

1. g3 d5 2. Bg2 c5 3. d3 Nc6 4. Nf3 e6 5. Nbd2 Nf6 6. 0-0 Bd6 7. e4 0-0 8. Re1 Qc7 9. Qe2 Nd7 10. c3 b6 11. Nh4 Nf6 12. f4 e5 13. exd5 exf4 14. dxc6 Bg4 15. Qf1 Rae8 16. Ne4 Nxe4 17. Rxe4 f5 18. Rxe8 Rxe8 19. Bxf4 Re2 20. Re1 Rxb2 21. Bd5+ Kf8 22. Re6 Bxf4 23. Qxf4 Rb1+ 24. Kf2 Rb2+ 25. Ke1 Rb1+ 26. Kd2 Qc8 27. Nxf5 Rd1+ 28. Kc2 Qa6 29. Ne3+ 1-0

[Event "Solingen-ch"]
[Site "Solingen"]
[Date "2012.11.09"]
[Round "5"]
[White "Maj, Kornel"]
[Black "Porstmann, Jan"]
[Result "1-0"]
[WhiteElo "1755"]
[BlackElo "1894"]
[PlyCount "91"]
[EventDate "2012.09.14"]
[EventType "swiss"]
[EventRounds "7"]
[EventCountry "GER"]
[SourceTitle "EXT 2015"]
[Source "ChessBase"]
[SourceDate "2014.11.20"]
[SourceVersion "1"]
[SourceVersionDate "2014.11.20"]
[SourceQuality "1"]

1. Nf3 d5 2. g3 e6 3. Bg2 Be7 4. 0-0 Nf6 5. d3 0-0 6. Nbd2 Nbd7 7. e4 Nb6 8. e5 Nfd7 9. Re1 c5 10. Nf1 Qc7 11. c3 a5 12. h4 f6 13. Bf4 fxe5 14. Nxe5 Nxe5 15. Bxe5 Bd6 16. Bxd6 Qxd6 17. d4 c4 18. Nh2 Bd7 19. Ng4 Rf7 20. Ne5 Rf6 21. Qd2 Raf8 22. Re3 Be8 23. Rae1 Nd7 24. Ng4 Rg6 25. Bh3 h5 26. Ne5 Rgf6 27. f4 g6 28. Qe2 Kg7 29. Nf3 Bf7 30. Ng5 Re8 31. Bxe6 Bxe6 32. Nxe6+ Kg8 33. Ng5 Rxe3 34. Qxe3 Nf8 35. Qe8 Qb6 36. Re7 Qxb2 37. Nh7 Qc1+ 38. Re1 Qxe1+ 39. Qxe1 Nxh7 40. Qe8+ Nf8 41. Qe5 Kg7 42. Qxd5 Re6 43. Kf2 Rb6 44. Qxc4 Ne6 45. d5 Nf8 46. Qc7+ 1-0

[Event "Solingen-ch"]
[Site "Solingen"]
[Date "2012.10.05"]
[Round "3"]
[White "Porstmann, Jan"]
[Black "Kaiser, Stephan"]
[Result "1-0"]
[WhiteElo "1894"]
[BlackElo "1484"]
[PlyCount "47"]
[EventDate "2012.09.14"]
[EventType "swiss"]
[EventRounds "7"]
[EventCountry "GER"]
[SourceTitle "EXT 2015"]
[Source "ChessBase"]
[SourceDate "2014.11.20"]
[SourceVersion "1"]
[SourceVersionDate "2014.11.20"]
[SourceQuality "1"]

1. e4 e5 2. Nf3 Nc6 3. Bc4 Bc5 4. c3 Nf6 5. d3 d6 6. Bb3 Bg4 7. Nbd2 0-0 8. 0-0 h6 9. Re1 a6 10. Nf1 Qd7 11. h3 Be6 12. Ng3 Rfe8 13. Nh4 Ne7 14. Qf3 c6 15. Bxh6 gxh6 16. Qxf6 Kh7 17. Nhf5 Nxf5 18. Nxf5 Bxf5 19. exf5 Re7 20. Re4 Qe8 21. Rh4 Qf8 22. Bxf7 Rxf7 23. Qg6+ Kh8 24. Rxh6+ 1-0

[Event "Solingen-ch"]
[Site "Solingen"]
[Date "2012.09.28"]
[Round "2"]
[White "Neumair, Jerome"]
[Black "Porstmann, Jan"]
[Result "1-0"]
[WhiteElo "2077"]
[BlackElo "1894"]
[PlyCount "79"]
[EventDate "2012.09.14"]
[EventType "swiss"]
[EventRounds "7"]
[EventCountry "GER"]
[SourceTitle "EXT 2015"]
[Source "ChessBase"]
[SourceDate "2014.11.20"]
[SourceVersion "1"]
[SourceVersionDate "2014.11.20"]
[SourceQuality "1"]

1. d4 d5 2. c4 e6 3. Nc3 Be7 4. Nf3 Nf6 5. cxd5 exd5 6. Bg5 Nbd7 7. e3 h6 8. Bh4 0-0 9. Bd3 c5 10. Rc1 b6 11. 0-0 Bb7 12. Bb1 Rc8 13. Qd3 Re8 14. Rfd1 Ne4 15. Bxe7 Rxe7 16. Nd2 Ndf6 17. dxc5 Nxc5 18. Qf5 Rd7 19. Nf3 Nce4 20. Bxe4 Nxe4 21. Ne5 Rdc7 22. f3 Nxc3 23. Rxc3 Re7 24. Rxc8 Bxc8 25. Qf4 Rc7 26. Qd4 Be6 27. e4 Rc5 28. b4 Rc2 29. exd5 Qg5 30. g3 Bh3 31. Qf4 Qe7 32. d6 Qe8 33. g4 f6 34. d7 Qd8 35. Ng6 b5 36. Qd4 Rc7 37. Nf4 f5 38. Ne6 Rc4 39. Nxd8 Rxd4 40. Rxd4 1-0

[Event "Dortmund Sparkassen op-B"]
[Site "Dortmund"]
[Date "2012.07.18"]
[Round "5"]
[White "Schueller, Tobias"]
[Black "Porstmann, Jan"]
[Result "1/2-1/2"]
[WhiteElo "1857"]
[BlackElo "1706"]
[PlyCount "48"]
[EventDate "2012.07.14"]
[EventType "swiss"]
[EventRounds "9"]
[EventCountry "GER"]
[SourceTitle "EXT 2014"]
[Source "ChessBase"]
[SourceDate "2013.11.20"]
[SourceVersion "1"]
[SourceVersionDate "2013.11.20"]
[SourceQuality "1"]

1. d4 d5 2. Nf3 e6 3. Bf4 Be7 4. e3 Nf6 5. Bd3 Nbd7 6. Nbd2 0-0 7. Ne5 c5 8. c3 Qb6 9. Qc2 h6 10. h3 Nxe5 11. Bxe5 Nd7 12. Nf3 Nxe5 13. Nxe5 c4 14. Be2 Qd6 15. a4 Bf6 16. f4 Bxe5 17. fxe5 Qe7 18. 0-0 Qg5 19. Rf4 f5 20. exf6 Rxf6 21. Raf1 Rxf4 22. exf4 Qe7 23. Bf3 Bd7 24. Re1 Qh4 1/2-1/2

[Event "Dortmund Sparkassen op-B"]
[Site "Dortmund"]
[Date "2012.07.17"]
[Round "4"]
[White "Porstmann, Jan"]
[Black "Naumann, Felix"]
[Result "1-0"]
[WhiteElo "1706"]
[BlackElo "1557"]
[PlyCount "72"]
[EventDate "2012.07.14"]
[EventType "swiss"]
[EventRounds "9"]
[EventCountry "GER"]
[SourceTitle "EXT 2014"]
[Source "ChessBase"]
[SourceDate "2013.11.20"]
[SourceVersion "1"]
[SourceVersionDate "2013.11.20"]
[SourceQuality "1"]

1. e4 e6 2. d4 d5 3. Nc3 Bb4 4. e5 c5 5. a3 Bxc3+ 6. bxc3 Qa5 7. Bd2 Qa4 8. Qg4 Ne7 9. Ra2 Nbc6 10. Nf3 h5 11. Qxg7 Rg8 12. Qh7 cxd4 13. cxd4 Nxd4 14. Ng5 Ndc6 15. Qxf7+ Kd8 16. Qxh5 Nd4 17. Bd3 Bd7 18. 0-0 Kc7 19. c3 Ndf5 20. c4 d4 21. Be4 Rh8 22. Qe2 Qa6 23. Rb1 Rab8 24. Rab2 b6 25. Bb4 Rbg8 26. Bd6+ Kc8 27. Nf3 Rg4 28. Bxe7 Nxe7 29. Nxd4 Rhh4 30. f3 Rxe4 31. fxe4 Qxa3 32. c5 b5 33. c6 Nxc6 34. Nxc6 Bxc6 35. Rc2 Qa6 36. Rbc1 Qb6+ 1-0

[Event "Dortmund Sparkassen op-B"]
[Site "Dortmund"]
[Date "2012.07.16"]
[Round "3"]
[White "Yangibayev, Rustam"]
[Black "Porstmann, Jan"]
[Result "0-1"]
[WhiteElo "1446"]
[BlackElo "1706"]
[PlyCount "52"]
[EventDate "2012.07.14"]
[EventType "swiss"]
[EventRounds "9"]
[EventCountry "GER"]
[SourceTitle "EXT 2014"]
[Source "ChessBase"]
[SourceDate "2013.11.20"]
[SourceVersion "1"]
[SourceVersionDate "2013.11.20"]
[SourceQuality "1"]

1. d4 d5 2. Nf3 e6 3. e3 Nf6 4. c4 Nbd7 5. Nc3 Be7 6. Qb3 Nb6 7. cxd5 exd5 8. Bd2 Bf5 9. Be2 h6 10. Ne5 Bh7 11. Bd3 0-0 12. h4 c5 13. Bxh7+ Nxh7 14. dxc5 Bxc5 15. 0-0-0 Re8 16. Nf3 Rc8 17. Kb1 Nf6 18. Rh3 Nc4 19. Bc1 Rc6 20. Nxd5 Nxd5 21. Qxc4 Nc3+ 22. Qxc3 Qxd1 23. Rg3 Bd4 24. Qxc6 bxc6 25. Nxd4 c5 26. Nf5 Qd3+ 0-1

[Event "Solingen Karneval op"]
[Site "Solingen"]
[Date "2012.02.18"]
[Round "3"]
[White "Nguyen, Philipp"]
[Black "Porstmann, Jan"]
[Result "0-1"]
[WhiteElo "1222"]
[BlackElo "1632"]
[PlyCount "98"]
[EventDate "2012.02.17"]
[EventType "swiss"]
[EventRounds "5"]
[EventCountry "GER"]
[SourceTitle "EXT 2015"]
[Source "ChessBase"]
[SourceDate "2014.11.20"]
[SourceVersion "1"]
[SourceVersionDate "2014.11.20"]
[SourceQuality "1"]

1. e4 c5 2. Nf3 d6 3. d4 cxd4 4. Nxd4 Nf6 5. Nc3 a6 6. Bg5 e6 7. f4 Be7 8. Qf3 Nbd7 9. 0-0-0 Qc7 10. g4 b5 11. Bxf6 Bxf6 12. g5 Be7 13. f5 Bxg5+ 14. Kb1 Nf8 15. h4 Be7 16. Bd3 b4 17. Nce2 e5 18. Nb3 Nd7 19. h5 h6 20. Rhg1 Bf6 21. Ng3 a5 22. Nf1 a4 23. Nbd2 Ba6 24. Bxa6 Rxa6 25. Ne3 Nb6 26. Qe2 Ra5 27. Ndc4 Nxc4 28. Nxc4 Rc5 29. Ne3 Ke7 30. Nd5+ Rxd5 31. Rxd5 a3 32. Qd3 axb2 33. Kxb2 Ra8 34. Qd2 Qa7 35. Qd1 Qxa2+ 36. Kc1 Bg5+ 37. Rxg5 Qa1+ 38. Kd2 Qxd1+ 39. Kxd1 hxg5 40. Rb5 Rh8 41. Rxb4 Rxh5 42. Rb7+ Kf6 43. Ke2 g4 44. Rb3 Rh2+ 45. Kd1 Rh3 46. Rd3 Rxd3+ 47. cxd3 Kg5 48. Ke2 Kf4 49. Kf2 f6 0-1

[Event "Solingen Karneval op"]
[Site "Solingen"]
[Date "2012.02.18"]
[Round "2"]
[White "Porstmann, Jan"]
[Black "Hobusch, Jan"]
[Result "0-1"]
[WhiteElo "1632"]
[BlackElo "2036"]
[PlyCount "110"]
[EventDate "2012.02.17"]
[EventType "swiss"]
[EventRounds "5"]
[EventCountry "GER"]
[SourceTitle "EXT 2015"]
[Source "ChessBase"]
[SourceDate "2014.11.20"]
[SourceVersion "1"]
[SourceVersionDate "2014.11.20"]
[SourceQuality "1"]

1. e4 c6 2. d4 d5 3. Nc3 b5 4. a3 dxe4 5. Nxe4 Bf5 6. Qf3 Bxe4 7. Qxe4 Nf6 8. Qf3 e6 9. Be3 Be7 10. Bd3 a6 11. Nh3 Nd5 12. 0-0 Nd7 13. c4 bxc4 14. Bxc4 0-0 15. Bd3 N7f6 16. Ng5 h6 17. Ne4 Qd7 18. Rac1 Rfc8 19. Rc2 Nxe4 20. Qxe4 Nf6 21. Qf3 c5 22. Rfc1 cxd4 23. Bxd4 Rd8 24. Rc4 Nd5 25. Qg3 Bf6 26. Bxf6 Nxf6 27. Be2 Rac8 28. Rxc8 Rxc8 29. Rxc8+ Qxc8 30. Qc3 Qxc3 31. bxc3 a5 32. Kf1 Kf8 33. Ke1 Ke7 34. c4 Kd6 35. Kd2 Kc5 36. Ke3 Ne8 37. Kd3 Nd6 38. Kc3 f5 39. f3 f4 40. Bd3 g5 41. Kb3 Kd4 42. Bf1 e5 43. Ka4 Nxc4 44. Bxc4 Kxc4 45. Kxa5 e4 46. fxe4 g4 47. e5 Kd5 48. Kb6 f3 49. e6 Kxe6 50. gxf3 gxf3 51. a4 f2 52. a5 f1Q 53. a6 Qf2+ 54. Kb7 Qxh2 55. a7 Qa2 0-1

[Event "Solingen-ch"]
[Site "Solingen"]
[Date "2011.11.04"]
[Round "4"]
[White "Winkler, Fabian"]
[Black "Porstmann, Jan"]
[Result "0-1"]
[WhiteElo "1969"]
[BlackElo "1616"]
[PlyCount "140"]
[EventDate "2011.09.23"]
[EventType "swiss"]
[EventRounds "7"]
[EventCountry "GER"]
[SourceTitle "EXT 2015"]
[Source "ChessBase"]
[SourceDate "2014.11.20"]
[SourceVersion "1"]
[SourceVersionDate "2014.11.20"]
[SourceQuality "1"]

1. d4 d5 2. Nf3 e6 3. c4 Be7 4. Nc3 Nf6 5. Qc2 0-0 6. Bg5 Nbd7 7. e3 b6 8. cxd5 exd5 9. Bd3 Bb7 10. 0-0 h6 11. Bh4 c5 12. Bg3 Nh5 13. Be5 cxd4 14. exd4 Nxe5 15. Nxe5 Nf4 16. Bb5 Bd6 17. Qf5 Bxe5 18. Qxe5 Ng6 19. Qf5 Ne7 20. Qf3 a6 21. Ba4 b5 22. Bb3 Bc6 23. Rae1 a5 24. Re5 Ng6 25. Rh5 b4 26. Na4 Ne7 27. Rc1 Rc8 28. Nc5 a4 29. Bc2 Bb5 30. b3 axb3 31. Bxb3 Bc6 32. Qg3 Ng6 33. Ne6 fxe6 34. Qxg6 Be8 35. Qxe6+ Bf7 36. Rxc8 Qxc8 37. Qxc8 Rxc8 38. g4 Bxh5 39. gxh5 Rd8 40. Kg2 Kf7 41. Kf3 Kf6 42. Kf4 Ke6 43. Kg4 Kf6 44. Kf4 Ke6 45. Kg4 Rf8 46. h4 Rf6 47. f3 g6 48. hxg6 Rxg6+ 49. Kh5 Rf6 50. Kg4 Rf5 51. Bc2 Rf6 52. Bb3 Rg6+ 53. Kh5 Rf6 54. Kg4 h5+ 55. Kg3 Rg6+ 56. Kf4 Rg2 57. Ke3 Rh2 58. f4 Rh3+ 59. Ke2 Rxh4 60. Kf3 Rh3+ 61. Ke2 Rg3 62. f5+ Kd6 63. f6 Rg6 64. Kf3 Rxf6+ 65. Kg3 Rg6+ 66. Kh4 Rg4+ 67. Kxh5 Rxd4 68. Kg5 Ke5 69. Ba4 Rd2 70. Bb3 Rb2 0-1

[Event "Solingen-ch"]
[Site "Solingen"]
[Date "2011.10.07"]
[Round "2"]
[White "Porstmann, Jan"]
[Black "Kublanov, Elizabeth"]
[Result "1-0"]
[WhiteElo "1616"]
[BlackElo "863"]
[PlyCount "97"]
[EventDate "2011.09.23"]
[EventType "swiss"]
[EventRounds "7"]
[EventCountry "GER"]
[SourceTitle "EXT 2015"]
[Source "ChessBase"]
[SourceDate "2014.11.20"]
[SourceVersion "1"]
[SourceVersionDate "2014.11.20"]
[SourceQuality "1"]

1. e4 e5 2. Nf3 Nc6 3. Bc4 Bc5 4. c3 f5 5. d3 Nge7 6. Bb3 d5 7. exd5 Nxd5 8. 0-0 Be6 9. Re1 Qf6 10. Bg5 Qg6 11. Bxd5 Bxd5 12. Nxe5 Qxg5 13. Nf3+ Qe7 14. Rxe7+ Bxe7 15. Qe2 0-0-0 16. Ne5 Bd6 17. Nxc6 Rhe8 18. Nxa7+ Kb8 19. Qd1 Kxa7 20. Na3 Bc5 21. b4 Bd6 22. Nb5+ Kb8 23. Nxd6 Rxd6 24. Qd2 Rde6 25. Kf1 Rg6 26. f3 Rh6 27. h3 Rhe6 28. c4 Bc6 29. a4 h6 30. a5 g5 31. b5 Bd7 32. b6 cxb6 33. a6 bxa6 34. Rxa6 Kb7 35. Ra1 b5 36. Qa2 Kc6 37. cxb5+ Kb6 38. Qa5+ Kb7 39. Qa7+ Kc8 40. b6 Kd8 41. b7 Ke7 42. b8Q Rxb8 43. Qxb8 Re3 44. Qb4+ Kd8 45. Qb6+ Ke7 46. Qxe3+ Kd8 47. Qd4 Ke7 48. Ra7 Kd8 49. Qxd7# 1-0

[Event "Dortmund Sparkassen op-B"]
[Site "Dortmund"]
[Date "2011.07.30"]
[Round "8"]
[White "Porstmann, Jan"]
[Black "Heldt, Maximilian"]
[Result "0-1"]
[WhiteElo "1591"]
[BlackElo "1653"]
[PlyCount "77"]
[EventDate "2011.07.23"]
[EventType "swiss"]
[EventRounds "9"]
[EventCountry "GER"]
[SourceTitle "EXT 2013"]
[Source "ChessBase"]
[SourceDate "2012.11.22"]
[SourceVersion "1"]
[SourceVersionDate "2012.11.22"]
[SourceQuality "1"]

1. e4 c5 2. Nf3 Nc6 3. d4 cxd4 4. Nxd4 e5 5. Nb5 a6 6. Nd6+ Bxd6 7. Qxd6 Qf6 8. Qd2 Qg6 9. f3 Nf6 10. c4 0-0 11. Nc3 Nd4 12. Bd3 h6 13. Qf2 Rb8 14. Be3 b5 15. cxb5 Nxb5 16. Nxb5 axb5 17. Bc5 Re8 18. Rd1 d5 19. 0-0 dxe4 20. fxe4 Ng4 21. Qf3 Nxh2 22. Qe3 Nxf1 23. Bxf1 Bg4 24. Rd2 Red8 25. Rd3 Qc6 26. b4 Rxd3 27. Qxd3 Be6 28. a3 Bc4 29. Qf3 Rd8 30. a4 Bxf1 31. Qxf1 bxa4 32. Qc4 a3 33. b5 Qc7 34. b6 Qc6 35. b7 a2 36. Qxa2 Qxc5+ 37. Kh2 Rb8 38. Qa8 Qc7 39. Kg3 0-1

[Event "NRW-ch U12"]
[Site "Kranenburg"]
[Date "2007.04.14"]
[Round "7"]
[White "Plotkin, Alex"]
[Black "Porstmann, Jan"]
[Result "1/2-1/2"]
[WhiteElo "1521"]
[BlackElo "1228"]
[PlyCount "107"]
[EventDate "2007.04.09"]
[EventType "swiss"]
[EventRounds "7"]
[EventCountry "GER"]
[SourceTitle "EXT 2008"]
[Source "ChessBase"]
[SourceDate "2007.11.25"]
[SourceVersion "1"]
[SourceVersionDate "2007.11.25"]
[SourceQuality "1"]

1. b3 e5 2. Bb2 d6 3. d3 Nc6 4. Nd2 Nf6 5. Ngf3 Be7 6. e3 h6 7. Be2 Be6 8. c4 Rc8 9. 0-0 0-0 10. a3 a6 11. Rc1 Qd7 12. Kh1 Rfe8 13. Rg1 Bf5 14. Nh4 Ng4 15. Bxg4 Bxg4 16. Nhf3 Qf5 17. Ne4 Bxf3 18. gxf3 Rcd8 19. Ng3 Qh3 20. e4 Bg5 21. Rc2 Bf4 22. Rg2 Re6 23. Bc1 Rg6 24. Qg1 Nd4 25. Bxf4 exf4 26. Rb2 Nxf3 27. Qd1 Nh4 28. f3 Nxg2 29. Nf5 Re8 30. Qf1 b6 31. Rxg2 Rxg2 32. Qxg2 Qxg2+ 33. Kxg2 Kh7 34. Kh3 g6 35. Nd4 c5 36. Ne2 g5 37. Kg4 Kg6 38. h4 h5+ 39. Kh3 f5 40. Nc3 g4+ 41. fxg4 hxg4+ 42. Kg2 Kh5 43. Nd5 f3+ 44. Kg3 Re5 45. a4 a5 46. Nf6+ Kh6 47. exf5 Rxf5 48. Nxg4+ Kh5 49. Nf2 Rf6 50. Ne4 Rf8 51. Nf2 Rf7 52. Ne4 Kg6 53. Nf2 Rh7 54. Kxf3 1/2-1/2

[Event "NRW-ch U12"]
[Site "Kranenburg"]
[Date "2007.04.12"]
[Round "5"]
[White "Porstmann, Jan"]
[Black "Baerwolf, Steven"]
[Result "1-0"]
[WhiteElo "1228"]
[BlackElo "1444"]
[PlyCount "113"]
[EventDate "2007.04.09"]
[EventType "swiss"]
[EventRounds "7"]
[EventCountry "GER"]
[SourceTitle "EXT 2008"]
[Source "ChessBase"]
[SourceDate "2007.11.25"]
[SourceVersion "1"]
[SourceVersionDate "2007.11.25"]
[SourceQuality "1"]

1. e4 e6 2. d4 d5 3. e5 c5 4. c3 Nc6 5. Nf3 Qb6 6. Na3 Nge7 7. Nc2 Nf5 8. a3 a5 9. Be2 Be7 10. h3 h5 11. a4 Bd7 12. Rb1 Rc8 13. Qd3 c4 14. Qd1 Na7 15. Ne3 Qb3 16. Qxb3 cxb3 17. Nxf5 exf5 18. Ra1 Rc6 19. Bd1 Rb6 20. Be3 Rg8 21. Nd2 h4 22. Bxb3 Be6 23. Rb1 g5 24. f3 g4 25. Rg1 f4 26. Bxf4 gxh3 27. Kf2 Rxg2+ 28. Rxg2 hxg2 29. Kxg2 h3+ 30. Kh2 Nc6 31. Bg3 Nd8 32. f4 Bf5 33. Rc1 Be4 34. Nxe4 Rxb3 35. Nd6+ Bxd6 36. exd6 Rxb2+ 37. Kxh3 Ra2 38. f5 Nc6 39. Re1+ Kd8 40. Rb1 Kc8 41. Rb5 Rxa4 42. Rxd5 Rc4 43. d7+ Kd8 44. Bh4+ Kc7 45. d8Q+ Nxd8 46. Bxd8+ Kc6 47. Rc5+ Rxc5 48. dxc5 a4 49. Bf6 a3 50. Bd4 a2 51. c4 a1Q 52. Bxa1 Kxc5 53. Kg4 Kd6 54. Kg5 Ke7 55. f6+ Ke8 56. Kh6 Kf8 57. Kh7 1-0